[Event "It (open) \"]
[Site "masterchessopen.com – Moscow (Russia)"]
[Round "8"]
[White "Galliamova Alisa (RUS)"]
[Black "Zaitsev Igor A (RUS)"]
[Result "1-0"]
[WhiteElo "2496"]
[BlackElo "2423"]

1.d4 Nf6 2.c4 d6 3.Nc3 g6 4.e4 Bg7 5.f3 O-O 6.Nge2 Nc6 7.Be3 a6 8.Qd2 Rb8
9.Nd5 Nd7 10.Bg5 f6 11.Bh6 e6 12.Bxg7 Kxg7 13.Ne3 f5 14.O-O-O fxe4 15.fxe4 Nf6
16.Qc2 e5 17.dxe5 Nxe5 18.h3 b6 19.g4 Bb7 20.Bg2 Nxe4 21.Nd4 Ng5 22.Bxb7 Rxb7
23.Qg2 Qc8 24.h4 Ngf3 25.h5 c5 26.Nxf3 Rxf3 27.hxg6 hxg6 28.Qh2 Nf7 29.Qh7+
Kf8 30.Rdf1 Rxf1+ 31.Rxf1 Qe6 32.Nd5 Qe5 33.Nf4 {#r} 1-0

[Event "It (c)"]
[Site "masterchessopen.com – Serpukhov (Russia)"]
[Round "11"]
[White "Utnasunov Alexander (RUS)"]
[Black "Kovalevskaya Natalia (BLR)"]
[Result "1-0"]
[WhiteElo "2354"]
[BlackElo "2095"]

1.d4 Nf6 2.c4 g6 3.Nc3 Bg7 4.e4 d6 5.f3 O-O 6.Be3 Nc6 7.Nge2 a6 8.Qd2 Rb8
9.Nc1 e5 10.d5 Nd4 11.N1e2 c5 12.dxc6 bxc6 13.Nxd4 exd4 14.Bxd4 d5 15.cxd5
cxd5 16.e5 Nd7 17.f4 f6 18.e6 Nb6 19.b3 Re8 20.f5 gxf5 21.Bd3 Rxe6+ 22.Ne2 Re7
23.O-O Nd7 24.Bxf5 Ne5 25.Ng3 Bxf5 26.Nxf5 Rf7 27.Rae1 Nc6 28.Nxg7 Nxd4
29.Re8+ {#r} 1-0

[Event "It (c)"]
[Site "masterchessopen.com – Serpukhov (Russia)"]
[Round "4"]
[White "Utnasunov Alexander (RUS)"]
[Black "Lomakina Galja (RUS)"]
[Result "0-1"]
[WhiteElo "2354"]
[BlackElo "2253"]

1.d4 d6 2.c4 Nf6 3.Nc3 g6 4.e4 Bg7 5.f3 O-O 6.Be3 Nc6 7.Qd2 a6 8.Nge2 Rb8
9.Nc1 e5 10.d5 Nd4 11.Nb3 Nxb3 12.axb3 c5 13.g4 Qe8 14.b4 cxb4 15.Na4 b5
16.cxb5 axb5 17.Nb6 Bxg4 18.fxg4 Nxg4 19.Ra7 Nxe3 20.Qxe3 Qd8 21.Nd7 Qh4+
22.Kd1 Bh6 23.Qg3 Qe7 24.Qf2 Qg5 25.Nxb8 Qc1+ 26.Ke2 f5 27.Bh3 Qc4+ {#R} 0-1

[Event "Tournament"]
[Site "masterchessopen.com – St. Petersburg (Russia)"]
[Round "9"]
[White "Golovchenko Gleb (RUS)"]
[Black "Altshul Raffael (RUS)"]
[Result "0-1"]
[WhiteElo "2260"]
[BlackElo "2292"]

1.d4 Nf6 2.c4 g6 3.Nc3 Bg7 4.e4 d6 5.f3 O-O 6.Be3 a6 7.Qd2 Nc6 8.Nge2 Rb8
9.Nc1 Ne8 10.Nb3 f5 11.Be2 fxe4 12.fxe4 Bd7 13.O-O-O Nf6 14.h3 b5 15.cxb5 axb5
16.Bd3 e5 17.d5 Nb4 18.Be2 Na6 19.Bg5 Ra8 20.Bxb5 Bxb5 21.Nxb5 Nxe4 22.Bxd8
Nxd2 23.Nxd2 Rfxd8 24.Ne4 Nb4 25.a3 Rdb8 26.Nbc3 Bh6+ 27.Kb1 Na6 28.g4 Be3
29.b4 Nc5 30.Rd3 Nxd3 {#R} 0-1

[Event "It (open)"]
[Site "masterchessopen.com – Vlissingen (Netherlands)"]
[Round "8"]
[White "Overeem Marc (NED)"]
[Black "Sander Rolf (GER)"]
[Result "0-1"]
[WhiteElo "2175"]
[BlackElo "2048"]

1.c4 Nf6 2.Nc3 g6 3.e4 d6 4.d4 Bg7 5.f3 O-O 6.Be3 Nc6 7.Nge2 a6 8.Qd2 Rb8 9.h4
h5 10.Nc1 e5 11.d5 Nd4 12.Nb3 c5 13.dxc6 bxc6 14.Nxd4 exd4 15.Bxd4 Re8 16.Be2
d5 17.cxd5 cxd5 18.e5 Nh7 19.f4 Qa5 20.Rc1 Bf5 21.Bf3 Be6 22.O-O Rb4 23.Be2
{#R} 0-1

[Event "Ch Baden"]
[Site "masterchessopen.com – Waldshut (Germany)"]
[Round "4"]
[White "Haas Stefan (GER)"]
[Black "Schmitt Thomas (GER)"]
[Result "1-0"]
[WhiteElo "2226"]
[BlackElo "2222"]

1.d4 Nf6 2.c4 g6 3.Nc3 Bg7 4.e4 d6 5.f3 O-O 6.Be3 Nc6 7.Nge2 a6 8.Qd2 Rb8 9.h4
h5 10.Nd5 Bd7 11.O-O-O b5 12.g4 hxg4 13.Nxf6+ Bxf6 14.h5 bxc4 15.hxg6 Nb4
16.Nc3 fxg6 17.Bxc4+ e6 18.f4 d5 19.exd5 Bb5 20.Bxb5 axb5 21.Qh2 Qe7 22.dxe6
c6 23.d5 cxd5 24.Bc5 Nxa2+ 25.Kc2 Qc7 26.Bd6 Qa7 27.Nxd5 Qa4+ 28.Kb1 Qe4+
29.Qc2 Qxe6 30.Qxg6+ {#r} 1-0

[Event "It (open)"]
[Site "masterchessopen.com – Abudhabi (United Arab Emirates)"]
[Round "9"]
[White "Ionov Sergey (RUS)"]
[Black "Ezat Mohamed (EGY)"]
[Result "1-0"]
[WhiteElo "2544"]
[BlackElo "2383"]

1.d4 Nf6 2.c4 g6 3.Nc3 Bg7 4.e4 d6 5.f3 O-O 6.Be3 Nc6 7.Nge2 a6 8.Qd2 Rb8
9.Rc1 Bd7 10.Nd1 Re8 11.Nf2 b5 12.c5 e6 13.g3 dxc5 14.Rxc5 Bf8 15.Rc1 Bb4
16.Nc3 Na5 17.Bg5 Be7 18.e5 b4 19.Nce4 Nxe4 20.Nxe4 Bxg5 21.Nxg5 f5 22.exf6
Qxf6 23.Rxc7 Rbd8 24.Ne4 Qe7 25.Bxa6 Rf8 26.O-O Nc6 27.Rc1 Nb8 28.Be2 Rc8
29.Qg5 Qg7 30.Qe5 Qh6 31.Rxc8 {#r} 1-0

[Event "It \"]
[Site "masterchessopen.com – Borovo (Croatia)"]
[Round "4"]
[White "Sertic Rudolf (CRO)"]
[Black "Zovko Marko (CRO)"]
[Result "1-0"]
[WhiteElo "2337"]
[BlackElo "2134"]

1.d4 Nf6 2.c4 g6 3.Nc3 Bg7 4.e4 d6 5.f3 O-O 6.Be3 Nc6 7.Qd2 a6 8.Nge2 Rb8 9.d5
Ne5 10.Nd4 c5 11.dxc6 Nxc6 12.Be2 Bd7 13.Nc2 Ne5 14.a4 b6 15.O-O Qc7 16.b3
Rfc8 17.Nb4 Qb7 18.Nbd5 Nxd5 19.Nxd5 Be6 20.Nxb6 Rc7 21.Rab1 Nc6 22.a5 f5
23.exf5 gxf5 24.f4 Rf8 25.Bf3 Rf6 26.Bd5 Qb8 27.Rfe1 Kh8 28.Bf2 Qg8 29.Bd4 Rg6
30.Rec1 Bxd5 31.Nxd5 Rc8 32.b4 h5 33.b5 {#r} 1-0

[Event "It (open)"]
[Site "masterchessopen.com – Curasao (Netherlands)"]
[Round "8"]
[White "Bick John D (USA)"]
[Black "Muhren Willem (NED)"]
[Result "1-0"]
[WhiteElo "2224"]
[BlackElo "2253"]

1.d4 Nf6 2.c4 g6 3.Nc3 Bg7 4.e4 d6 5.f3 O-O 6.Be3 Nc6 7.Nge2 a6 8.Qd2 Rb8
9.Nc1 e5 10.d5 Nd4 11.Nb3 Nxb3 12.axb3 c5 13.g4 Ne8 14.h4 f5 15.exf5 gxf5
16.g5 Nc7 17.Bd3 b5 18.h5 b4 19.Ne2 f4 20.Qc2 Qxg5 21.h6 fxe3 22.hxg7 Rxf3
23.Bxh7+ Kxg7 24.O-O-O Bg4 25.Rdg1 Rh8 26.Qe4 Rf4 27.Nxf4 exf4 28.Rxg4 Qxg4
29.Qe7# 1-0

[Event "It (open)"]
[Site "masterchessopen.com – Forchtenberg (Germany)"]
[Round "7"]
[White "Schloetzer Waldemar (GER)"]
[Black "Schwarz Arnd-Ruediger (GER)"]
[Result "0-1"]
[WhiteElo "1998"]
[BlackElo "2139"]

1.d4 Nf6 2.c4 g6 3.Nc3 Bg7 4.e4 d6 5.f3 O-O 6.Be3 Nc6 7.Qd2 a6 8.Nge2 Rb8
9.Nc1 e5 10.Nb3 exd4 11.Nxd4 Ne5 12.O-O-O c6 13.Be2 b5 14.g4 bxc4 15.f4 c5
16.Nf3 Nexg4 17.Bxc5 Nxe4 18.Nxe4 Bxb2+ 19.Qxb2 Rxb2 20.Kxb2 Bf5 21.Nxd6 Qf6+
22.Rd4 Rb8+ 23.Kc3 Ne3 24.Kd2 Nc2 25.Rxc4 Qb2 26.Rd1 Nd4+ 27.Ke3 Qxe2+ 28.Kxd4
Qxd1+ 29.Ke5 Qxf3 {#R} 0-1

[Event "Bundesliga 2002/03 (w)"]
[Site "masterchessopen.com – Germany"]
[Round "10"]
[White "Hielscher Ursula (GER)"]
[Black "Bielicki Birke (GER)"]
[Result "0-1"]
[WhiteElo "1896"]
[BlackElo "2133"]

1.d4 Nf6 2.c4 g6 3.Nc3 Bg7 4.e4 d6 5.f3 O-O 6.Be3 Nc6 7.Nge2 a6 8.Qd2 Rb8
9.Rb1 b5 10.cxb5 axb5 11.b4 Bd7 12.Ng3 e5 13.d5 Nd4 14.Bxd4 exd4 15.Nce2 Re8
16.Nxd4 Nxd5 17.Be2 c5 18.exd5 Bxd4 19.Ne4 Rxe4 20.fxe4 Qh4+ 21.Kf1 {#R} 0-1

[Event "Ch World (juniors) (under 14) (g)"]
[Site "masterchessopen.com – Halkidiki (Greece)"]
[Round "5"]
[White "Gunina Valentina (RUS)"]
[Black "Van Nies Pauline (NED)"]
[Result "1-0"]
[WhiteElo "2354"]
[BlackElo "2087"]

1.d4 Nf6 2.c4 g6 3.Nc3 Bg7 4.e4 d6 5.f3 O-O 6.Be3 Nc6 7.Nge2 a6 8.Qd2 Rb8
9.Nc1 e5 10.Nb3 exd4 11.Nxd4 Nxd4 12.Bxd4 Be6 13.Be2 c5 14.Be3 Qc7 15.O-O Nd7
16.Bh6 Bd4+ 17.Kh1 Rfd8 18.f4 Nb6 19.f5 Bxc4 20.f6 Rd7 21.Bg7 Be6 22.Qh6 Qd8
23.Rf4 Bxf6 24.Rxf6 Rc7 25.Raf1 Nd7 26.R6f4 {#r} 1-0

[Event "Zt"]
[Site "masterchessopen.com – Ho Chi Minh City (Vietnam)"]
[Round "8"]
[White "Nguyen Anh Dung (VIE)"]
[Black "To Quoc Khanh (VIE)"]
[Result "0-1"]
[WhiteElo "2567"]
[BlackElo "2287"]

1.d4 Nf6 2.c4 g6 3.Nc3 Bg7 4.e4 d6 5.f3 O-O 6.Be3 Nc6 7.Nge2 a6 8.Qd2 Rb8 9.h4
b5 10.h5 e5 11.d5 Na5 12.Ng3 bxc4 13.O-O-O Bd7 14.Nge2 Rb4 15.g4 Qb8 16.Bh6
Qb7 17.Bxg7 Rb8 18.Qh6 Rxb2 19.Rd4 exd4 20.Kd1 Rb1+ 21.Nxb1 Qxb1+ 22.Nc1 Nxg4
23.fxg4 Bxg4+ {#R} 0-1

[Event "Cup Independence (open)"]
[Site "masterchessopen.com – Kiev (Ukraine)"]
[Round "2"]
[White "Belotserkovsky Andrey (RUS)"]
[Black "Julin Alexei (UKR)"]
[Result "1-0"]
[WhiteElo "2371"]
[BlackElo "2247"]

1.d4 Nf6 2.c4 g6 3.Nc3 Bg7 4.e4 O-O 5.Be3 d6 6.f3 Nc6 7.Nge2 a6 8.Qd2 Rb8
9.Rb1 b5 10.cxb5 axb5 11.b4 Bd7 12.d5 Ne5 13.Nd4 Qe8 14.Be2 e6 15.O-O exd5
16.exd5 c6 17.dxc6 Bxc6 18.Nxc6 Qxc6 19.Nxb5 Rxb5 20.Bxb5 Qxb5 21.Qxd6 Nd5
22.Qc5 Qd3 23.Rb3 Nc3 24.Rxc3 Nxf3+ 25.Rxf3 Bxc3 26.Qxf8+ {#r} 1-0

[Event "Tournament (team)"]
[Site "masterchessopen.com – Kiev (Ukraine)"]
[Round "4"]
[White "Frajka Peter (SVK)"]
[Black "Kudriashov S (KAZ)"]
[Result "0-1"]
[WhiteElo "1832"]
[BlackElo "2243"]

1.d4 Nf6 2.c4 g6 3.Nc3 Bg7 4.e4 d6 5.f3 O-O 6.Be3 Nc6 7.Qd2 a6 8.Nge2 Rb8
9.Ng3 e5 10.d5 Nd4 11.Bxd4 exd4 12.Qxd4 Nxe4 13.Qd3 Nxg3 14.hxg3 Bf5 15.Qd2
Re8+ 16.Kf2 c6 17.Be2 Qb6+ 18.Kf1 h5 19.Na4 Qe3 20.Rd1 b5 21.Nc3 b4 22.Na4 c5
23.Bd3 Bd7 24.Bc2 b3 25.axb3 Bxa4 26.bxa4 Rxb2 27.Rh4 Bd4 28.Rh1 Kg7 29.Qxe3
Rxe3 30.Rc1 Rc3 {#R} 0-1

[Event "Tournament (team)"]
[Site "masterchessopen.com – Plovdiv (Bulgaria)"]
[Round "6"]
[White "Ermenkov Evgenij (PLE)"]
[Black "Bojkov Dejan (BUL)"]
[Result "1-0"]
[WhiteElo "2454"]
[BlackElo "2475"]

1.d4 Nf6 2.c4 g6 3.Nc3 Bg7 4.e4 d6 5.f3 O-O 6.Be3 a6 7.Qd2 Nc6 8.Nge2 Rb8
9.Rc1 Bd7 10.Nd1 e6 11.Nf2 Ne8 12.h4 Qe7 13.h5 f5 14.hxg6 hxg6 15.Nf4 Qf6
16.exf5 exf5 17.c5 Ne7 18.Bc4+ d5 19.Bb3 c6 20.N2d3 Nc7 21.Ne5 Rbd8 22.g3 Ne6
23.Qh2 Ng5 24.Nxd5 Nxf3+ 25.Kf2 {#r} 1-0

[Event "It (a)"]
[Site "masterchessopen.com – Serpukhov (Russia)"]
[Round "7"]
[White "Dyachkov Sergej (RUS)"]
[Black "Loskutov Oleg (RUS)"]
[Result "1-0"]
[WhiteElo "2554"]
[BlackElo "2426"]

{ Loskutov Oleg (RUS) +0 =1 -2 } 1.d4 Nf6 2.c4 g6 3.Nc3 Bg7 4.e4 d6 5.f3 O-O
6.Be3 Nc6 7.Qd2 a6 8.Nge2 Rb8 9.h4 h5 10.O-O-O b5 11.Bh6 e5 12.Bxg7 ( 12.d5
Na5 13.Ng3 bxc4 14.Be2 Bd7 15.Nf1 c5 16.Bxg7 Kxg7 17.Ne3 Rb4 18.g4 Qb6 19.Rdg1
Rb8 20.Ned1 Ba4 21.Rh2 Bb3 22.Kb1 Ba4 23.f4 Qa7 24.fxe5 dxe5 25.gxh5 Bxd1
26.Bxd1 Rxb2+ 27.Qxb2 Rxb2+ 28.Rxb2 Kh6 29.hxg6 fxg6 30.Rbg2 Qg7 31.Bg4 Nxg4 {
...1-0, Prudnikova Svetlana 2405 - Mihevc Narcisa 2110 , Manila 1992 Olympiad
} ) ( 12.Nd5 Bxh6 13.Qxh6 bxc4 14.g4 Nxd4 15.Nxd4 exd4 16.gxh5 Nxh5 17.Bxc4 c6
18.Rdg1 cxd5 19.Rxg6+ fxg6 20.Bxd5+ Rf7 21.Qxg6+ Kh8 22.Bxf7 Nf6 23.Rg1 Ng4
24.Rxg4 Qc7+ 25.Kd1 { 1-0, Hummel Patrick 2240 - Gufeld Eduard 2465 , Los
Angeles 1998 It (open) } ) 12...Kxg7 13.Nd5 { = } ( 13.dxe5 Nxe5 14.cxb5 axb5
15.Nf4 Bd7 16.Be2 Rh8 17.Kb1 Rb7 18.Ncd5 Be6 19.Nxe6+ fxe6 20.Ne3 Nf7 21.Rdg1
e5 22.Nd5 c6 23.Nxf6 Qxf6 24.g4 hxg4 25.Rxg4 Nh6 26.Rg2 Nf7 27.Rg4 Nh6 28.Rg2
Nf7 { 1/2-1/2, Pachman Ludek 2485 - Liberzon Vladimir M 2550 , Geneva 1977 It
(cat.12) } ) 13...bxc4 ( 13...b4 14.Ne3 Qe8 15.Kb1 Bd7 16.Rc1 b3 17.d5 bxa2+
18.Ka1 Ne7 19.c5 Bb5 20.Ng3 Bxf1 21.Rhxf1 Nd7 22.cxd6 cxd6 23.Nef5+ gxf5
24.Qg5+ Kh7 25.Qxh5+ Kg7 26.Qg5+ Kh7 27.Nxf5 Nxf5 28.Qxf5+ Kg7 29.Qg5+ Kh7 {
1/2-1/2, Ionescu Constantin 2480 - Schneider Attila 2385 , Stara Zagora 1990
Zt } ) 14.Ne3 { -0.09 CAP N } ( 14.Nxf6 Qxf6 15.d5 Na7 ( 15...Nb4 16.Nc3 Nd3+
17.Bxd3 cxd3 18.Qg5 Bd7 19.Rxd3 Rb7 20.Kb1 Qxg5 21.hxg5 f6 22.gxf6+ Kxf6
23.Kc2 Rh8 24.Rd2 Rhb8 25.Rb1 Rb4 26.Kd3 Rd4+ 27.Ke3 Rxd2 28.Kxd2 g5 29.b3 g4
30.fxg4 Bxg4 31.Rf1+ Ke7 32.Ke3 Rg8 33.Rc1 Bd7 { ...1/2-1/2, Rowson Jonathan
2545 - Gallagher Joseph G 2517 , Torquay 2002 Ch Great Britain } ) 16.Nc3 Nb5
17.Bxc4 Qe7 18.Ne2 Rd8 19.Qe3 c5 20.dxc6 Qc7 21.Bd5 Bd7 22.Kb1 Bxc6 23.Rc1 Na7
24.Rc2 Qb7 25.Bb3 a5 26.Nc3 Rdc8 27.Rhc1 Qd7 28.Bc4 Ba8 { 1/2-1/2, Rowson
Jonathan 2495 - Nunn John D M 2600 , Oxford 1998 It (cat.11) } ) ( 14.dxe5
Nxd5 15.exd5 Nxe5 16.Nc3 Bf5 17.Ne4 Bxe4 18.fxe4 Qf6 19.Rh3 Rb5 20.b3 Rfb8
21.Qg5 Nd3+ 22.Bxd3 Qa1+ 23.Bb1 cxb3 { 0-1, Cadavid Gerardo - Castano Duvan
Martin 2219 , Bogota 2000 It (open) } ) 14...Qe8 15.Nxc4 exd4 16.Nxd4 Ne5
17.Qc3 Bd7 18.Ne3 a5 19.Kb1 Ba4 20.Rd2 c5 { ?! } ( 20...Qd7 { !? } 21.Qxa5
Rfd8 22.Nc4 Qe8 { } ) 21.Ndf5+ { ! } ( 21.Ndc2 { ? } 21...Qe6 22.Bc4 Qd7
23.Qxa5 { } ) 21...gxf5 22.Nxf5+ { ?! } ( 22.Rxd6 { !? } 22...Bd7 23.Nc4 Qe7
24.Qxe5 { } ) 22...Kh7 { ? } ( { ? } 22...Kg8 23.Qe3 Qe6 24.Rxd6 Rfd8 { } )
23.Rxd6 Rd8 { ?! } ( 23...Ng8 { !? } 24.f4 f6 25.fxe5 Qxe5 { } ) 24.Qd2 Neg4
25.fxg4 { } {#r} 1-0

[Event "It (c)"]
[Site "masterchessopen.com – Serpukhov (Russia)"]
[Round "13"]
[White "Utnasunov Alexander (RUS)"]
[Black "Pushkarev Dmitry (RUS)"]
[Result "1-0"]
[WhiteElo "2337"]
[BlackElo "2286"]

1.d4 Nf6 2.c4 g6 3.Nc3 Bg7 4.e4 d6 5.f3 O-O 6.Be3 Nc6 7.Nge2 a6 8.Qd2 Rb8
9.Nc1 e5 10.d5 Nd4 11.Nb3 Nxb3 12.axb3 c5 13.g4 Ne8 14.Bd3 f5 15.gxf5 gxf5
16.exf5 Bxf5 17.Ne4 Qh4+ 18.Qf2 Qxf2+ 19.Kxf2 Nf6 20.Ke2 Nxe4 21.Bxe4 Bxe4
22.fxe4 Bf6 23.Rhg1+ Kf7 24.b4 cxb4 25.Ra4 b3 26.Rb4 Rfc8 27.Ba7 Ra8 28.Rxb7+
Be7 29.Kd3 Rg8 30.Rxg8 Rxg8 31.c5 {#r} 1-0

[Event "It (open)"]
[Site "masterchessopen.com – Vienna (Austria)"]
[Round "8"]
[White "Seifert Volker (GER)"]
[Black "Groetz Harald (AUT)"]
[Result "1-0"]
[WhiteElo "2329"]
[BlackElo "2299"]

1.d4 Nf6 2.c4 g6 3.Nc3 Bg7 4.e4 d6 5.f3 O-O 6.Be3 Nc6 7.Nge2 a6 8.Qd2 Rb8
9.Rb1 b5 10.cxb5 axb5 11.b4 Re8 12.d5 Ne5 13.Nd4 e6 14.f4 exd5 15.fxe5 Nxe4
16.Nxe4 Bxe5 17.Bxb5 Qh4+ 18.Qf2 Qxe4 19.O-O Rf8 20.a4 Bb7 21.Bc6 f5 22.Bxb7
Rxb7 23.Nf3 Rxb4 24.Rxb4 Qxb4 25.Nxe5 Qxa4 26.Nf3 c5 27.Bh6 Re8 28.Qb2 Qa7
29.Ra1 Qe7 30.Re1 {#r} 1-0

[Event "It (open)"]
[Site "masterchessopen.com – Schwabisch Gmund (Germany)"]
[Date "2003.01.02"]
[Round "2"]
[White "Ritter Ralph (GER)"]
[Black "Schebler Gerhard (GER)"]
[Result "0-1"]
[WhiteElo "2106"]
[BlackElo "2496"]

1.d4 Nf6 2.c4 g6 3.Nc3 Bg7 4.e4 d6 5.f3 O-O 6.Be3 a6 7.Qd2 Nc6 8.Nge2 Rb8
9.Nc1 e5 10.d5 Nd4 11.Nb3 Nxb3 12.axb3 c5 13.Be2 Nh5 14.g3 f5 15.O-O-O b5
16.cxb5 axb5 17.Rdf1 Qa5 18.Nb1 b4 19.Na3 Nf6 20.Nc4 Qc7 21.Bd3 fxe4 22.fxe4
Bh3 23.Re1 Rf7 24.Bh6 Rbf8 25.Bxg7 Kxg7 26.Ne3 Qd7 27.Rhg1 Ng4 28.Bf1 Nxe3
29.Bxh3 Qxh3 30.Qxe3 Rf2 {#R} 0-1

[Event "It \"]
[Site "masterchessopen.com – Berlin (Germany)"]
[Date "2003.10.27"]
[Round "3"]
[White "Bader Arnd (GER)"]
[Black "Krawatzki Armin (GER)"]
[Result "1-0"]
[WhiteElo "1930"]
[BlackElo "1781"]

1.d4 Nf6 2.c4 g6 3.Nc3 Bg7 4.e4 d6 5.f3 O-O 6.Be3 Nc6 7.Qd2 a6 8.Nge2 Rb8
9.O-O-O b5 10.Bh6 Bxh6 11.Qxh6 bxc4 12.h4 Nb4 13.Ng3 c5 14.Bxc4 cxd4 15.h5
dxc3 16.hxg6 cxb2+ 17.Kb1 Be6 18.Nh5 Re8 19.Qg7# 1-0

[Event "Ch Ukraine (juniors) (under 18) (1/2 final)"]
[Site "masterchessopen.com – Lvov (Ukraine)"]
[Date "2003.12.02"]
[Round "5"]
[White "Soshnikov Mikhail (UKR)"]
[Black "Shmeliov Denis (UKR)"]
[Result "0-1"]
[WhiteElo "2165"]
[BlackElo "2251"]

1.d4 Nf6 2.c4 g6 3.Nc3 Bg7 4.e4 d6 5.f3 O-O 6.Be3 Nc6 7.Qd2 a6 8.Nge2 Rb8
9.Nc1 e5 10.Nb3 exd4 11.Nxd4 Nxd4 12.Bxd4 Be6 13.Be2 c6 14.Rd1 b5 15.cxb5 axb5
16.b4 Re8 17.O-O Qe7 18.Rc1 Ra8 19.Qe3 Ra3 20.Bd3 Rc8 21.Rfd1 c5 22.Bxf6 Bxf6
23.Nxb5 Rb8 24.Qe2 Rxa2 25.Rc2 c4 26.Bxc4 Bxc4 27.Qxc4 Rxc2 28.Qxc2 Rxb5 {#R}
0-1

[Event "Ch Commonwealth"]
[Site "masterchessopen.com – Mumbai (India)"]
[Round "6"]
[White "Gupta Abhijeet (IND)"]
[Black "Vinuthna N (IND)"]
[Result "1-0"]
[WhiteElo "2412"]
[BlackElo "2229"]

1.d4 g6 2.c4 Bg7 3.Nc3 d6 4.e4 Nf6 5.f3 O-O 6.Be3 Nc6 7.Nge2 a6 8.Qd2 Rb8 9.g4
b5 10.h4 h5 11.Ng3 e5 12.dxe5 Nxe5 13.Be2 Nxc4 14.Bxc4 bxc4 15.gxh5 Nxh5
16.Nxh5 gxh5 17.O-O-O Kh7 18.Rhg1 Bf6 19.Qd5 Be5 20.Rg5 Bg7 21.Rdg1 Qf6
22.Rxg7+ Qxg7 23.Qxh5+ Kg8 24.Rxg7+ {#r} 1-0

[Event "Ch Austria (team) 2003/04"]
[Site "masterchessopen.com – Austria"]
[Date "2004.03.18"]
[Round "8"]
[White "Moser Guenter (AUT)"]
[Black "Weissenbeck Manuel (AUT)"]
[Result "1-0"]
[WhiteElo "2359"]
[BlackElo "2254"]

1.d4 Nf6 2.c4 g6 3.Nc3 Bg7 4.e4 d6 5.f3 O-O 6.Be3 Nc6 7.Nge2 a6 8.Qd2 Rb8 9.g4
b5 10.g5 Nd7 11.cxb5 axb5 12.h4 Na5 13.b3 c5 14.h5 b4 15.Nd1 cxd4 16.Nxd4 Ne5
17.Qh2 Re8 18.hxg6 hxg6 19.Rc1 Bd7 20.Rc2 Rc8 21.Qh7+ Kf8 22.Rch2 e6 23.Rd2
Rc1 24.Be2 Qc7 25.f4 Qb7 26.fxe5 Qxe4 27.Kf2 Bxe5 28.Nf3 Bg7 29.Rxd6 Rc7
30.Rh4 Qb1 31.Bb6 {#r} 1-0

[Event "Ch Russia (juniors) (under 14)"]
[Site "masterchessopen.com – Dagomys (Russia)"]
[Round "5"]
[White "Ivanov Aleksandr A (RUS)"]
[Black "Toder Denis (RUS)"]
[Result "0-1"]
[WhiteElo "2107"]
[BlackElo "2150"]

1.d4 Nf6 2.c4 g6 3.Nc3 Bg7 4.e4 d6 5.f3 O-O 6.Be3 Nc6 7.Nge2 a6 8.Qd2 Rb8 9.g4
b5 10.Ng3 bxc4 11.h4 e5 12.d5 Nd4 13.Be2 Nd7 14.Kf2 Nc5 15.Bxc4 f5 16.Bg5 Qe8
17.gxf5 gxf5 18.Nxf5 Bxf5 19.exf5 Rxf5 20.Be2 Nxf3 21.Bxf3 e4 22.Kg3 Rxf3+
23.Kg4 h5# 0-1

[Event "Ch Russia (juniors) (under 14)"]
[Site "masterchessopen.com – Dagomys (Russia)"]
[Round "5"]
[White "Seliverstov Vladimir (RUS)"]
[Black "Levin Evgeny A (RUS)"]
[Result "1-0"]
[WhiteElo "2122"]
[BlackElo "2263"]

1.d4 Nf6 2.c4 g6 3.Nc3 Bg7 4.e4 d6 5.f3 O-O 6.Be3 a6 7.Qd2 Nc6 8.Nge2 Rb8
9.Nc1 e5 10.d5 Nd4 11.Nb3 Nxb3 12.axb3 Nh5 13.Be2 f5 14.O-O Bf6 15.Kh1 f4
16.Bf2 Bh4 17.Qe1 Bxf2 18.Qxf2 Qg5 19.Rfc1 b6 20.b4 Ng3+ 21.Kg1 h5 22.Bd1 Kg7
23.hxg3 fxg3 24.Qe1 Qh4 25.Qe3 Qh2+ 26.Kf1 h4 27.Ne2 Bh3 28.gxh3 Rxf3+ 29.Qxf3
Rf8 30.Qxf8+ Kxf8 {#r} 1-0

[Event "Ch Russia (juniors) (under 16) (g)"]
[Site "masterchessopen.com – Dagomys (Russia)"]
[Round "10"]
[White "Cheremnova Tamara (RUS)"]
[Black "Utkina Natalia (RUS)"]
[Result "1-0"]
[WhiteElo "2124"]
[BlackElo "1990"]

1.d4 Nf6 2.c4 g6 3.Nc3 Bg7 4.e4 d6 5.f3 O-O 6.Be3 Nc6 7.Nge2 a6 8.Qd2 Rb8
9.Rc1 e5 10.d5 Nd4 11.Nxd4 exd4 12.Bxd4 c5 13.dxc6 bxc6 14.Be2 Re8 15.O-O Be6
16.Rfd1 d5 17.exd5 cxd5 18.c5 Qa5 19.Bxf6 Bxf6 20.Nxd5 Qd8 21.Nxf6+ Qxf6 22.b3
Bf5 23.Qf4 Qb2 24.Bc4 Rbc8 25.a4 a5 26.Qd4 Qa3 27.c6 Qe7 28.Bb5 Red8 29.Qc3
Qa7+ 30.Kf1 Qc7 {#r} 1-0

[Event "Ch Russia (juniors) (under 16) (g)"]
[Site "masterchessopen.com – Dagomys (Russia)"]
[Round "2"]
[White "Gunina Valentina (RUS)"]
[Black "Utkina Natalia (RUS)"]
[Result "1-0"]
[WhiteElo "2354"]
[BlackElo "1990"]

1.d4 Nf6 2.c4 g6 3.Nc3 Bg7 4.e4 d6 5.f3 O-O 6.Be3 Nc6 7.Nge2 a6 8.Qd2 Rb8
9.Nc1 e5 10.d5 Nd4 11.Nb3 Nxb3 12.axb3 Nd7 13.b4 f5 14.Bd3 Nf6 15.c5 Kh8
16.Bg5 Qe8 17.cxd6 cxd6 18.b5 fxe4 19.fxe4 Ng4 20.Be2 axb5 21.Bxb5 Bd7 22.Bxd7
Qxd7 23.h3 Nf6 24.O-O Nh5 25.Qe3 Rbc8 26.Qb6 Nf4 27.Qe3 Nh5 28.Kh2 Nf4 29.Kg1
Nh5 30.Rxf8+ Rxf8 {#r} 1-0

[Event "It (open)"]
[Site "masterchessopen.com – Sofia (Bulgaria)"]
[Date "2004.04.04"]
[Round "4"]
[White "Andreev Stanislav (BUL)"]
[Black "Ivanov Emil (BUL)"]
[Result "0-1"]
[WhiteElo "2174"]
[BlackElo "2186"]

1.d4 Nf6 2.c4 d6 3.Nc3 g6 4.e4 Bg7 5.f3 O-O 6.Be3 Nc6 7.Nge2 a6 8.Qd2 Rb8 9.h4
b5 10.Nd5 e6 11.Nxf6+ Bxf6 12.h5 bxc4 13.Bh6 Re8 14.hxg6 fxg6 15.Rc1 Bd7
16.Rxc4 Qe7 17.g3 d5 18.Rc1 e5 19.exd5 Nxd4 20.Kf2 Nf5 21.Rxc7 Qd6 22.Rc3 e4
23.fxe4 Rxe4 24.Bf4 Qb6+ 25.Kg2 Bxc3 {#R} 0-1

[Event "It \"]
[Site "masterchessopen.com – Connecticut (USA)"]
[Date "2004.04.07"]
[Round "1"]
[White "Cherniack Alex (USA)"]
[Black "Matikozian Andranik (ARM)"]
[Result "0-1"]
[WhiteElo "2232"]
[BlackElo "2479"]

1.d4 Nf6 2.c4 g6 3.Nc3 Bg7 4.e4 d6 5.f3 O-O 6.Be3 Nc6 7.Nge2 a6 8.Qd2 Rb8
9.O-O-O b5 10.Ng3 e5 11.dxe5 Nxe5 12.c5 Be6 13.f4 Nc4 14.Bxc4 Bxc4 15.Kb1 Re8
16.Qc2 b4 17.Na4 Bxa2+ 18.Ka1 Bd5 19.Bd4 Bxe4 20.Nxe4 Nxe4 21.Bxg7 Kxg7 22.f5
d5 23.Rhf1 b3 24.Qd3 Rb4 25.Nc3 c6 26.Qxa6 Nxc5 27.Qxc6 Qa5+ 28.Kb1 Ra8 29.f6+
Kg8 30.Kc1 Qa1+ 31.Nb1 Rc4+ 32.Kd2 Ne4+ {#R} 0-1

[Event "Ch Norway (open)"]
[Site "masterchessopen.com – Oslo (Norway)"]
[Date "2004.04.09"]
[Round "7"]
[White "Aandal Kristian (NOR)"]
[Black "Hagesaether Ellen (NOR)"]
[Result "0-1"]
[WhiteElo "1932"]
[BlackElo "2188"]

1.d4 g6 2.c4 Bg7 3.Nc3 Nf6 4.e4 O-O 5.f3 d6 6.Be3 a6 7.Qd2 Nc6 8.Nge2 Rb8
9.O-O-O b5 10.Bh6 e5 11.d5 Na5 12.Ng3 Nxc4 13.Bxc4 bxc4 14.h4 Kh8 15.Bxg7+
Kxg7 16.h5 Ng8 17.hxg6 fxg6 18.Rh2 Rf7 19.Rdh1 Kh8 20.Nge2 Qf6 21.f4 Bg4
22.Rh4 Bxe2 23.Nxe2 Re8 24.g4 exf4 25.Nxf4 Rxe4 26.Ne6 Re5 27.Qh2 Qe7 28.Qc2
c6 29.Qxg6 cxd5 30.Nf8 Re1+ 31.Kc2 Rf2+ 32.Kc3 Re3+ 33.Kb4 Qb7+ {#R} 0-1